000 01063nam a22003017a 4500
001 BR2021000123
003 BR-BrBNA
005 20230928105606.0
007 ta
008 230509b bl.||||| |||| 00| 0 por d
040 _aBR-BrBNA
_bpor
_cBiblioteca Nacional de Agricultura
041 _a(Eng, Por)
072 _aP01; K70; D50
090 _ P01 BR2021000123
110 1 _aMinistério Extraordinário de Política Fundiária, Brasília, DF (Brasil). Inst. Nacional de Colonização e Reforma Agrária
_97610
110 1 _aMinistério do Meio Ambiente e Recursos Hídricos, Brasília, DF (Brasil). Inst. Brasileiro do Meio Ambiente e dos Recursos Naturais Renováveis
245 1 _aTerra que te quero verde: agenda ambiental
260 3 _aBrasília, DF (Brasil):
_c1998.
300 _a14 p.
650 _aREFORMA AGRÁRIA
650 _aASSENTAMENTO
650 _aMEIO AMBIENTE
650 _aPROTEÇÃO FLORESTAL
650 _aLEGISLAÇÃO FLORESTAL
650 _aLEGISLAÇÃO AGRÁRIA
909 _a202309
_bLucia
_c55
_dLucia Elande
942 _cBK
999 _c85785
_d85785